000 00522nam a2200193 a 4500
001 6004
003 CO-ViMGA
008 141112s2004 ck r 000 u spa d
020 _a8476983174
040 _aCO-ViMGA
_bspa
_cCO-ViMGA
082 0 4 _a370.824 R633
100 1 _aRogel Vide, Carlos
_94596
245 1 0 _aEstudios sobre propiedad intelectual
260 _aBarcelona :
_bJose MarĂ­a Bosch,
_c1995
300 _a219 p
490 _aBiblioteca de derecho privado, 60
650 1 4 _aDERECHOS DE AUTOR
942 _2ddc
_cBK
999 _c17978
_d17978